পাকিস্তানীদের দৃষ্টিতে একাত্তর/ (Record no. 18591)
[ view plain ]
| 000 -LEADER | |
|---|---|
| fixed length control field | 01200nam a22002177a 4500 |
| 003 - CONTROL NUMBER IDENTIFIER | |
| control field | BDDh-ASL |
| 005 - DATE AND TIME OF LATEST TRANSACTION | |
| control field | 20231015025721.0 |
| 008 - FIXED-LENGTH DATA ELEMENTS--GENERAL INFORMATION | |
| fixed length control field | 201017s2009 bg ||||| |||| 00| 0 ben d |
| 020 ## - INTERNATIONAL STANDARD BOOK NUMBER | |
| International Standard Book Number | 9789848815359 |
| 040 ## - CATALOGING SOURCE | |
| Original cataloging agency | BDDh-ASL |
| Transcribing agency | BDDh-ASL |
| Modifying agency | BDDh-ASL |
| 041 ## - LANGUAGE CODE | |
| Language code of text/sound track or separate title | ben |
| 082 ## - DEWEY DECIMAL CLASSIFICATION NUMBER | |
| Classification number | 954.9205 |
| Item number | PAK |
| 245 00 - TITLE STATEMENT | |
| Title | পাকিস্তানীদের দৃষ্টিতে একাত্তর/ |
| Statement of responsibility, etc. | মুনতাসীর মামুন ও মহিউদ্দিন আহমেদ (সম্পা.)। |
| 246 ## - VARYING FORM OF TITLE | |
| Title proper/short title | Pakistanider Dristite Ekattor |
| 260 ## - PUBLICATION, DISTRIBUTION, ETC. | |
| Place of publication, distribution, etc. | ঢাকা: |
| Name of publisher, distributor, etc. | ইউ পি এল, |
| Date of publication, distribution, etc. | ২০০৯। |
| 300 ## - PHYSICAL DESCRIPTION | |
| Extent | পৃ. ৩৬০: |
| Dimensions | ২২ সে. মি.। |
| 650 #0 - SUBJECT ADDED ENTRY--TOPICAL TERM | |
| Topical term or geographic name entry element | মুক্তিযুদ্ধের ইতিহাস (Liberation War of Bangladesh) Muktijuddher Itihash, Ekattor, একাত্তর, মুক্তিযুদ্ধ |
| General subdivision | মুক্তিযুদ্ধ (Muktijuddha) |
| Chronological subdivision | 1971 |
| Geographic subdivision | Bangladesh (বাংলাদেশ) |
| -- | India (ভারত) |
| -- | Pakistan (পাকিস্তান) |
| 9 (RLIN) | 936 |
| 700 1# - ADDED ENTRY--PERSONAL NAME | |
| 9 (RLIN) | 230 |
| Personal name | মামুন, মুনতাসীর |
| 700 1# - ADDED ENTRY--PERSONAL NAME | |
| Personal name | আহমেদ, মহিউদ্দিন |
| 9 (RLIN) | 1336 |
| 942 ## - ADDED ENTRY ELEMENTS (KOHA) | |
| Source of classification or shelving scheme | Dewey Decimal Classification |
| Koha item type | Books |
| Withdrawn status | Lost status | Source of classification or shelving scheme | Damaged status | Not for loan | Collection code | Home library | Current library | Shelving location | Date acquired | Source of acquisition | Total Checkouts | Full call number | Barcode | Date last seen | Copy number | Price effective from | Koha item type |
|---|---|---|---|---|---|---|---|---|---|---|---|---|---|---|---|---|---|
| Dewey Decimal Classification | Non-fiction | Asiatic Society Library | Asiatic Society Library | Liberation War Collection | 10/17/2020 | Complementary | 954.9205 PAK | 101797 | 10/17/2020 | C-1 | 10/17/2020 | Books |